Normal view
MARC view
Entry Personal Name
001 - CONTROL NUMBER
- control field: 83077
003 - CONTROL NUMBER IDENTIFIER
- control field: OSt
005 - DATE AND TIME OF LATEST TRANSACTION
- control field: 20250403121425.0
008 - FIXED-LENGTH DATA ELEMENTS
- fixed length control field: 250403|| aca||aabn | a|a d
040 ## - CATALOGING SOURCE
- Original cataloging agency: OSt
- Transcribing agency: OSt
100 ## - HEADING--PERSONAL NAME
- Personal name: श्रीवास्तव, प्रदीप
670 ## - SOURCE DATA FOUND
- Source citation: Work cat.: (OSt)67848: श्रीवास्तव, प्रदीप , समूह -5 स् टाफ नर्स संयुक्त भर्ती परीक्षा 2024 -25 , 2025









